| 000 | 00544cam a22002172a 4500 | ||
|---|---|---|---|
| 001 | 005818 | ||
| 003 | AR-FADEU | ||
| 008 | 311216n1988####xxu####################dd | ||
| 020 | _a84-339-0090-0 | ||
| 092 |
_a306.3 _bB342o |
||
| 100 | _aBaudrillard, Jean | ||
| 245 | _aEl otro por sí mismo | ||
| 260 | _aBarcelona | ||
| 260 | _bAnagrama | ||
| 260 | _c1988 | ||
| 300 | _a87 p | ||
| 440 |
_aArgumentos _n90 |
||
| 700 | _aJoaquín, Jordá, tr. | ||
| 650 | _aSIMULACION-REALIDAD; APARIENCIA-REALIDAD; OBJETO-SEMIOTICA | ||
| 942 | _cBDGR | ||
| 999 |
_c11639 _d11639 |
||